01719nab a22002777a 4500003000400000005001700004008004100021040000700062100003100069245017500100260007300275300001300348500002700361505044500388505016700833505008201000650001801082650002501100650002901125650001901154650003301173650004001206650001701246650002901263773014901292OSt20251215150456.0190429b xxu||||| |||| 00| 0 spa d cPJ aBorzi Cirilli, Federico A.10aJuicios por la verdad histórica :bel dilema entre la tutela judicial de la víctima y la irretroactividad de la ley penal más gravosa /cFederico A. Borzi Cirilli. cCiudad Autónoma de Buenos Aires :aThomson Reuters La Ley, b2025. ap. 90-99 aCita: AR/DOC/183/2025. aSumario: I. Presentación del fallo.— II. Origen de la doctrina: la investigación de los delitos de lesa humanidad cometidos durante la última dictadura militar.— III. El sistema de prescripción de la acción penal y sus reformas.— IV. Los juicios por la verdad en la actualidad. El fallo comentado.— V. La redefinición del rol de la víctima. El surgimiento de responsabilidad estatal.— VI. Síntesis y conclusiones.  tFallo comentado: Juzgado de Garantías Nro. 2 de Azul ~ 18/04/2024 ~ ..., J. C. s/ abuso sexual gravemente ultrajante y abuso sexual con acceso carnal agravado. tSi te interesa el texto completo, solicitalo a koha@justierradelfuego.gov.ar  0aDERECHO PENAL 0aVÍCTIMA DEL DELITO 0aRETROACTIVIDAD DE LA LEY 0aACCIÓN PENAL 0aEXTINCION DE LA ACCION PENAL 0aPRESCRIPCIÓN DE LA ACCIÓN PENAL 0aABUSO SEXUAL 0aTUTELA JUDICIAL EFECTIVA0 02658tRevista de derecho penal y criminología. Nº 2 - Marzo 2025dCiudad Autónoma de Buenos Aires : Thomson Reuters La Ley, 2017-x00347914